01192 a2200289 4500003000500000005001700005010001700022020004000039020004300079035002100122035002400143040000900167082001600176100003200192245012600224260003700350300003600387490004500423505013600468650003400604700003600638700002300674830004800697942001300745999001900758952012500777Nust20230907130544.0 a 2008052001 c0849340632 (hardcover : alk. paper) c9780849340635 (hardcover : alk. paper) a(OCoLC)144565585 a(OCoLC)ocn144565585 cNust00a629.832,BHA1 aBhattacharyya, S. P.99941010aLinear control theory :bstructure, robustness, and optimization /cShankar P. Bhattacharyya, Aniruddha Datta, L.H. Keel. aBoca Raton :bCRC Press,cc2009. axviii, 911 p. :bill. ;c25 cm.1 aAutomation and control engineering ;v33 aThree Term Controllers (Page-1), Robust Parametric Control (Page-291), Optimal and Robust Control (Page-639), Epilogue (Page-867). 0aTelecommunication engineering1 aDatta, Aniruddha,d1963-9994111 aKeel, L. H.999412 0aAutomation and control engineering ;999413 cREF2ddc c188413d188413 00102ddc4070aMCSbMCScREFd2016-12-12o629.832,BHApMCS34702r2016-12-08w2016-12-12yREFzAlmirah No.24 Shelf No.3